Loading...
Environmental information systems /
| Main Author: | |
|---|---|
| Format: | Printed Book |
| Language: | English |
| Published: |
New York:
Springer
1998
|
| LEADER | 00475nam a22001457a 4500 | ||
|---|---|---|---|
| 008 | 091222t xxu||||| |||| 00| 0 eng d | ||
| 020 | |a 9 783540 609261 | ||
| 082 | |b GUN | ||
| 100 | |a Gunther, Oliver |9 6355 | ||
| 245 | |a Environmental information systems / |c Oliver Gunther | ||
| 260 | |a New York: |b Springer |c 1998 | ||
| 300 | |a xiii, 244p.; | ||
| 942 | |2 ddc |c BK |6 _ | ||
| 999 | |c 86280 |d 86280 | ||
| 952 | |0 0 |1 0 |2 ddc |4 0 |6 GUN_ |7 0 |9 108226 |a DCA |b DCA |d 2009-12-22 |o GUN |p CA001563 |r 2009-12-22 |w 2009-12-22 |y BK | ||